00257nam a2200097Ia 4500008004100000041000800041082001700049100002100066245006300087260000900150240625s9999 xx 000 0 und d aeng a368.3201 EAS aHARRIS TIMOTHY F aACTUARIAL ASPECTS OF INDIVIDUAL LIFE INSURANCE AND ANNUIT  c2007